Journal intime (1852-1865) / (Record no. 135390)

MARC details
000 -LEADER
campo de control de longitud fija 00791nam a2200241 i 4500
001 - NÚMERO DE CONTROL
campo de control 135390
003 - IDENTIFICADOR DE NÚMERO DE CONTROL
campo de control ES-MaACL
005 - FECHA Y HORA DE LA ÚLTIMA TRANSACCIÓN
campo de control 20240126063013.0
007 - CAMPO FIJO DE DESCRIPCIÓN FÍSICA--INFORMACIÓN GENERAL
campo de control de longitud fija t|
008 - DATOS DE LONGITUD FIJA--INFORMACIÓN GENERAL
campo de control de longitud fija 070717s1926 fr ||||1| fre d
100 1# - ENTRADA PRINCIPAL--NOMBRE DE PERSONA
Nombre de persona Tolstói, Lev,
Fechas asociadas al nombre 1828-1910
9 (RLIN) 110489
245 10 - MENCIÓN DEL TÍTULO
Título Journal intime (1852-1865) /
Mención de responsabilidad, etc. Lev Nikolaevich Tolstoï ; traduction Jean Chuzeville et Wladimir Pozner ; préface et notices de T. Polner ; notes de A. Khiriakov.
260 ## - PUBLICACIÓN, DISTRIBUCIÓN, ETC.
Lugar de publicación, distribución, etc. Paris :
Nombre del editor, distribuidor, etc. Eugene Fasquelle,
Fecha de publicación, distribución, etc. 1926.
300 ## - DESCRIPCIÓN FÍSICA
Extensión XVIII, 198 p. :
Otras características físicas il. ;
Dimensiones 20 cm.
500 ## - NOTA GENERAL
Nota general t. 1º.
500 ## - NOTA GENERAL
Nota general Ret. aut.
700 1# - ENTRADA AGREGADA--NOMBRE PERSONAL
Nombre de persona Chuzeville, Jean.
9 (RLIN) 38724
700 1# - ENTRADA AGREGADA--NOMBRE PERSONAL
Nombre de persona Wladimir, Pozner.
9 (RLIN) 117201
700 1# - ENTRADA AGREGADA--NOMBRE PERSONAL
Nombre de persona Polner; T.
9 (RLIN) 92853
700 1# - ENTRADA AGREGADA--NOMBRE PERSONAL
Nombre de persona Khiriakov, A.
9 (RLIN) 67991
852 ## - LOCALIZACIÓN
Ubicación ES-MaACL
Número de control de estantería B-13438
Holdings
Estatus retirado Estado de pérdida Estado de daño No para préstamo Biblioteca de origen Biblioteca actual Ubicación en estantería Fecha de adquisición Fuente de adquisición Total de préstamos Signatura topográfica completa Código de barras Visto por última vez Precio de reemplazo Tipo de ítem Koha
        Biblioteca del Ateneo de Madrid Biblioteca del Ateneo de Madrid Sala Pardo Bazán 17/01/2008     B-13438 1140916 23/02/2023 23/02/2023 Libro impreso